000 01210nam a22003497a 4500
001 00260
003 DO-SdBNP
005 20180219145818.0
008 151023b 1993 sp a |||| 00| 0 spa d
020 _a8434808595
040 _aBPMSU
_bspa
_cBPMSU
041 1 7 _aspa
_heng
092 _axxxx
_bxxxx
100 1 _aGripe, María,
_d1923-2007.
240 1 0 _aGlasblasarns Barn.
_lEspañol
245 1 0 _aLos hijos del vidriero :
_bdecarado libro de interés infantil por el Ministerio de Cultura /
_cMaría Gripe ; traducción del inglés Julia D. Arnau ; ilustración Harald Gripe.
250 _a20 ed.
260 _aMadrid :
_bEdiciones S.M.,
_c1993.
300 _a191 p. :
_bil. ;
_c19 cm.
490 1 _aEl barco de vapor
_v4
500 _aIncluye datos biográficos de la autora en la solapa de la contracubierta.
500 _aDeclarado libro de interés infantil por el Ministerio de Cultura.
521 _aA partir de 9 años.
586 _aAndersen, 1974
700 _aArnau, Julia D.,
_etr.
700 _aGripe, Harald,
_eil.
830 _aEl barco de vapor
_n4
_gNaranja
910 _a00260
942 _2ddc
_cBK
945 _aInventariado, 2018/ YL
956 _aLorenza Pérez
999 _c8438
_d8438